National Assembly Library of Thailand

กฎหมายหนี้ : (ระเบียนเลขที่ 75084)

รายละเอียดในรูปแบบ MARC
000 -LEADER
fixed length control field 00975nam a22002177a 4500
003 - CONTROL NUMBER IDENTIFIER
control field NALT
005 - DATE AND TIME OF LATEST TRANSACTION
control field 20240207093054.0
008 - FIXED-LENGTH DATA ELEMENTS--GENERAL INFORMATION
fixed length control field s2558 th tha d
020 ## - INTERNATIONAL STANDARD BOOK NUMBER
International Standard Book Number 9789744668257
040 ## - CATALOGING SOURCE
Original cataloging agency NALT
041 ## - LANGUAGE CODE
Language code of text/sound track or separate title tha
090 ## - LOCALLY ASSIGNED LC-TYPE CALL NUMBER (OCLC); LOCAL CALL NUMBER (RLIN)
Classification number (OCLC) (R) ; Classification number, CALL (RLIN) (NR) KS 43
Local cutter number (OCLC) ; Book number/undivided call number, CALL (RLIN) ด425ก 2558
100 0# - MAIN ENTRY--PERSONAL NAME
Personal name ดาราพร ถิระวัฒน์
9 (RLIN) 10291
245 10 - TITLE STATEMENT
Title กฎหมายหนี้ :
Remainder of title หลักทั่วไป /
Statement of responsibility, etc. ดาราพร ถิระวัฒน์.
250 ## - EDITION STATEMENT
Edition statement พิมพ์ครั้งที่ 4
260 ## - PUBLICATION, DISTRIBUTION, ETC.
Place of publication, distribution, etc. กรุงเทพฯ :
Name of publisher, distributor, etc. โครงการตำราและเอกสารประกอบการสอน คณะนิติศาสตร์ มหาวิทยาลัยธรรมศาสตร์,
Date of publication, distribution, etc. 2558.
300 ## - PHYSICAL DESCRIPTION
Extent 314 หน้า ;
Other physical details
Dimensions 26 ซม.
650 #4 - SUBJECT ADDED ENTRY--TOPICAL TERM
Topical term or geographic name entry element กฎหมายแพ่งและพาณิชย์
9 (RLIN) 10292
General subdivision หนี้
850 ## - HOLDING INSTITUTION
Holding institution NALT
942 ## - ADDED ENTRY ELEMENTS (KOHA)
Koha item type Law Book
Source of classification or shelving scheme Local Classification
998 ## - STAFF NAME (NALT)
-- 4574
-- นักศึกษาฝึกงาน-01

ไม่มีตัวเล่มให้บริการ

หอสมุดรัฐสภา
สำนักงานเลขาธิการสภาผู้แทนราษฎร เลขที่ 1111 ถนนสามเสน แขวงถนนนครไชยศรี เขตดุสิต กรุงเทพฯ 10300
The Secretariat of the House of Representatives 1111 Samsen Road, Thanon Nakhon Chai Si, Dusit, Bangkok 10300, THAILAND
โทรศัพท์: +66(0) 2242 5900 ต่อ 5714-5 โทรสาร: +66(0) 2242 5990 อีเมล: [email protected]